De la teología de la liberación a la teología del papa Francisco. ¿Ruptura o continuidad?
שמור ב:
| מחבר ראשי: | |
|---|---|
| פורמט: | ספר |
| שפה: | אנגלית |
| יצא לאור: |
Madrid, España:
PPC,
2018.
|
| סדרה: | Colección GS.
|
| נושאים: | |
| תגים: |
הוספת תג
אין תגיות, היה/י הראשונ/ה לתייג את הרשומה!
|
MARC
| LEADER | 00000nam a22000007a 4500 | ||
|---|---|---|---|
| 003 | CL-VaPUC | ||
| 005 | 20230921163740.0 | ||
| 008 | 230915t2018 ||||| |||| 00| 0 eng d | ||
| 999 | |c 441802 |d 441800 | ||
| 020 | |a 978-84-288-3312-7 | ||
| 040 | |c Pontificia Universidad Católica de Valparaíso | ||
| 082 | |2 22 |a 230.0464 GOM 2018 | ||
| 100 | |9 884657 |a Gómez Hinojosa, José Francisco |e autor | ||
| 245 | |a De la teología de la liberación a la teología del papa Francisco. |b ¿Ruptura o continuidad? | ||
| 260 | |a Madrid, España: |b PPC, |c 2018. | ||
| 300 | |a 164 páginas. | ||
| 490 | |a Colección GS. | ||
| 500 | |a c.1 Donación Sr. Jorge Precht Pizarro. 26-05-23. Biblioteca Teología. | ||
| 583 | |c 20230915 |k Yessy Sthefany Diaz Vidal | ||
| 600 | 0 | |a Francisco, |c Papa |x Pontificado, 2013- |9 583180 | |
| 650 | 0 | |9 255471 |a Teología de la liberación |v Crítica e interpretación |z América Latina | |
| 942 | |2 ddc |c BK | ||
| 952 | |0 0 |1 0 |2 ddc |4 0 |6 230_046400000000000_GOM_2018 |7 0 |8 A |9 591588 |a BIBTEO |b BIBTEO |d 2023-09-15 |e Donación |i 5658655 |o 230.0464 GOM 2018 |p 5658655 |r 2025-01-17 |t 1 |w 2023-09-15 |y BK |k ICR | ||